Économie du cinéma : Perspectives stratégiques (notice n° 1706040)

détails MARC
000 -LEADER
fixed length control field 01419cam a2200133 4500500
005 - DATE AND TIME OF LATEST TRANSACTION
control field 20260322000425.0
041 ## - LANGUAGE CODE
Language code of text/sound track or separate title fre
042 ## - AUTHENTICATION CODE
Authentication code dc
100 10 - MAIN ENTRY--PERSONAL NAME
Personal name Creton, Laurent
Relator term author
245 00 - TITLE STATEMENT
Title Économie du cinéma : Perspectives stratégiques
260 ## - PUBLICATION, DISTRIBUTION, ETC.
Name of publisher, distributor, etc. Armand Colin,<br/>
Date of publication, distribution, etc. 2020.<br/>
520 ## - SUMMARY, ETC.
Summary, etc. Confronté à l’emprise du système télé-audiovisuel, à l’offensive des plateformes et à la concurrence renouvelée de la production américaine, le cinéma français dispose de précieux atouts en termes de compétences, de créativité et de diversité. Il reste pourtant marqué par la vulnérabilité et doit redéfinir les conditions de son devenir. Structuré en cinq parties et dix chapitres, cet ouvrage de référence propose un cadre de réflexion, des repères et des outils pour étudier le jeu des acteurs en présence et analyser les enjeux, les options, les déploiements et les conditions de mise en œuvre de leurs stratégies. Actualisé à l’occasion de cette sixième édition, il permet de mieux comprendre le fonctionnement, la gestion et la dynamique de la filière cinématographique française, et de tracer ses principales perspectives économiques dans une période de mutation qui affecte tant les techniques et les usages que les conditions de création et de diffusion.
856 41 - ELECTRONIC LOCATION AND ACCESS
Uniform Resource Identifier <a href="https://shs.cairn.info/economie-du-cinema--9782200628635?lang=fr&redirect-ssocas=7080">https://shs.cairn.info/economie-du-cinema--9782200628635?lang=fr&redirect-ssocas=7080</a>

Pas d'exemplaire disponible.

PLUDOC

PLUDOC est la plateforme unique et centralisée de gestion des bibliothèques physiques et numériques de Guinée administré par le CEDUST. Elle est la plus grande base de données de ressources documentaires pour les Étudiants, Enseignants chercheurs et Chercheurs de Guinée.

Adresse

627 919 101/664 919 101

25 boulevard du commerce
Kaloum, Conakry, Guinée

Réseaux sociaux

Powered by Netsen Group @ 2025